000 00370nam a2200145 a 4500
005 20140412111313.0
008 001219s19uu xx 00 eng d
020 _a1-85038-430-4
050 _aER
_bGe29 1997
245 _aGeorge visits the zoo.
260 _aWoodford Green, Essex,
_c1997.
300 _a1 v. (unp.) ; ill.
650 _aAnimal words
999 _c104107
_d104107